000 00362nam a2200145Ia 4500
008 150301s2012 xx 000 0 und d
082 _a611
_bB14C
100 _aCHAURASIA ,B.D
245 _aB.D.CHAURASIA'S HUMAN ANATOMY
250 _a6TH
260 _bCBS PUBLISHERS & DISTRIBUTORS
_aDELHI
_c2012
300 _a1-311
650 _aANATOMY
942 _2ddc
_cBK
_053
999 _c6965
_d6965